| 000 | 00672nam a2200217Ia 4500 | ||
|---|---|---|---|
| 003 | OSt | ||
| 005 | 20240401094925.0 | ||
| 008 | 210707s2000 xx 000 0 und d | ||
| 040 | _cAL | ||
| 041 | _aKannada | ||
| 082 | _aK894.4 NAYH | ||
| 100 |
_aNAYAKA (Ha Ma), Ed _9132945 _dನಾಯಕ (ಹಾ ಮಾ) |
||
| 245 |
_aHakkiya payana. _bಹಕ್ಕಿಯ ಪಯಣ |
||
| 260 |
_aBengaluru _bVishva Kannada Sammelana _c2000 |
||
| 300 | _aviii,230 p | ||
| 365 |
_b30 _cINR |
||
| 563 | _aPB | ||
| 650 |
_aKannada Prose _9132946 |
||
| 906 | _aDiviji Binduraya Narasimhacharya Vasudevayya Panje Shrikanthayya Puttanna Shetti Mirja Gundappa_x000D_ | ||
| 942 |
_2ddc _cBK |
||
| 999 |
_c180197 _d180197 |
||